Design of machinery : (Record no. 2369)
[ view plain ]
| 000 -LEADER | |
|---|---|
| fixed length control field | 01419cam a22003735a 4500 |
| 006 - FIXED-LENGTH DATA ELEMENTS--ADDITIONAL MATERIAL CHARACTERISTICS--GENERAL INFORMATION | |
| fixed length control field | a||||fr|||| 00| 0 |
| 008 - FIXED-LENGTH DATA ELEMENTS--GENERAL INFORMATION | |
| fixed length control field | 090226t2004 maua|||frb||| 001 0 eng d |
| 010 ## - LIBRARY OF CONGRESS CONTROL NUMBER | |
| LC control number | 2002038057 |
| 020 ## - INTERNATIONAL STANDARD BOOK NUMBER | |
| International Standard Book Number | 0072470461 |
| 020 ## - INTERNATIONAL STANDARD BOOK NUMBER | |
| International Standard Book Number | 9780071214968 |
| 020 ## - INTERNATIONAL STANDARD BOOK NUMBER | |
| International Standard Book Number | 9780073109442 |
| 020 ## - INTERNATIONAL STANDARD BOOK NUMBER | |
| International Standard Book Number | 003109444 |
| 020 ## - INTERNATIONAL STANDARD BOOK NUMBER | |
| International Standard Book Number | 9780073109442 |
| 020 ## - INTERNATIONAL STANDARD BOOK NUMBER | |
| International Standard Book Number | 9780071118811 |
| 040 ## - CATALOGING SOURCE | |
| Original cataloging agency | EG-ScBUE |
| Language of cataloging | eng |
| Modifying agency | EG-ScBUE |
| 082 04 - DEWEY DECIMAL CLASSIFICATION NUMBER | |
| Classification number | 621.815 |
| Item number | NOR |
| Edition number | 22 |
| 100 1# - MAIN ENTRY--PERSONAL NAME | |
| Personal name | Norton, Robert L. |
| 245 10 - TITLE STATEMENT | |
| Title | Design of machinery : |
| Remainder of title | an introduction to the synthesis and analysis of mechanisms and machines / |
| Statement of responsibility, etc | Robert L. Norton. |
| 250 ## - EDITION STATEMENT | |
| Edition statement | 3rd ed. |
| 260 ## - PUBLICATION, DISTRIBUTION, ETC. (IMPRINT) | |
| Place of publication, distribution, etc | NewYork : |
| Name of publisher, distributor, etc | McGraw-Hill Higher Education, |
| Date of publication, distribution, etc | c.2004. |
| 300 ## - PHYSICAL DESCRIPTION | |
| Extent | xxii , 858 p. : |
| Other physical details | ill. ; |
| Dimensions | 24 cm. |
| Accompanying material | + 1 CD-ROM (4 3/4 in.) |
| 490 ## - Series Statement | |
| Series statement | McGraw-Hill series in mechanical engineering. |
| 500 ## - GENERAL NOTE | |
| General note | Index :p.(841-855). |
| 504 ## - BIBLIOGRAPHY, ETC. NOTE | |
| Bibliography, etc | Includes bibliographical references. |
| 590 ## - LOCAL NOTE (RLIN) | |
| Local note | Menna Elemam |
| 650 #0 - SUBJECT ADDED ENTRY--TOPICAL TERM | |
| Topical term or geographic name as entry element | Machine design-- |
| Source of heading or term | BUEsh. |
| 650 #0 - SUBJECT ADDED ENTRY--TOPICAL TERM | |
| Topical term or geographic name as entry element | Machinery, Dynamics of-- |
| Source of heading or term | BUEsh. |
| 651 ## - SUBJECT ADDED ENTRY--GEOGRAPHIC NAME | |
| Source of heading or term | BUEsh |
| 653 ## - INDEX TERM--UNCONTROLLED | |
| Resource For college | Engineering, Mechanical |
| Arrived date list | August2015 |
| 655 ## - INDEX TERM--GENRE/FORM | |
| Genre/form data or focus term | Kinematics of Mechanisms- year 1. |
| Form subdivision | |
| General subdivision | Engineering |
| Chronological subdivision | Semester 2. 2008/2009 |
| 856 42 - ELECTRONIC LOCATION AND ACCESS | |
| Materials specified | Publisher description |
| Uniform Resource Identifier | <a href="http://www.loc.gov/catdir/enhancements/fy0668/2002038057-d.html">http://www.loc.gov/catdir/enhancements/fy0668/2002038057-d.html</a> |
| 856 42 - ELECTRONIC LOCATION AND ACCESS | |
| Materials specified | Table of contents only |
| Uniform Resource Identifier | <a href="http://www.loc.gov/catdir/enhancements/fy0668/2002038057-t.html">http://www.loc.gov/catdir/enhancements/fy0668/2002038057-t.html</a> |
| 942 ## - ADDED ENTRY ELEMENTS (KOHA) | |
| Item type | |
| Call number prefix | 621.815NOR |
| Source of classification or shelving scheme | Dewey Decimal Classification |
| Withdrawn status | Item status | Source of classification or shelving scheme | Damaged status | Not for loan | Home library | Current library | Shelving location | Date acquired | Source of acquisition | Total Checkouts | Total Renewals | Full call number | Barcode | Date last seen | Date last borrowed | Koha item type | Checked out | Vendor | Materials specified (bound volume or other part) |
|---|---|---|---|---|---|---|---|---|---|---|---|---|---|---|---|---|---|---|---|
| Dewey Decimal Classification | Central Library | Central Library | First floor | 19/02/2007 | Purchase | 14 | 59 | 621.815 NOR | 000001918 | 15/07/2025 | 13/12/2018 | Book - Borrowing | |||||||
| Dewey Decimal Classification | Central Library | Central Library | First floor | 19/02/2007 | Purchase | 27 | 135 | 621.815 NOR | 000001917 | 23/01/2024 | 23/01/2024 | Book - Borrowing | 30/03/2024 | ||||||
| Dewey Decimal Classification | Central Library | Central Library | First floor | 19/02/2007 | Purchase | 24 | 112 | 621.815 NOR | 000006568 | 15/07/2025 | 20/10/2016 | Book - Borrowing | |||||||
| Dewey Decimal Classification | Central Library | Central Library | First floor | 19/02/2007 | Purchase | 18 | 100 | 621.815 NOR | 000006567 | 15/07/2025 | 05/10/2019 | Book - Borrowing | |||||||
| Dewey Decimal Classification | Central Library | Central Library | First floor | 09/09/2008 | Purchase | 13 | 161 | 621.815 NOR | 000013846 | 15/07/2025 | 19/02/2025 | Book - Borrowing | |||||||
| Dewey Decimal Classification | Central Library | Central Library | First floor | 09/09/2008 | Purchase | 13 | 113 | 621.815 NOR | 000013847 | 06/12/2025 | 29/11/2025 | Book - Borrowing | |||||||
| Dewey Decimal Classification | Central Library | Central Library | First floor | 09/09/2008 | Purchase | 16 | 51 | 621.815 NOR | 000013852 | 15/07/2025 | 12/12/2018 | Book - Borrowing | |||||||
| Dewey Decimal Classification | Central Library | Central Library | First floor | 26/02/2009 | 621.815 NOR | 000007509 | 24/08/2022 | CD | DVD - With book (NB) | |||||||||||
| Dewey Decimal Classification | Central Library | Central Library | First floor | 26/02/2009 | 621.815 NOR | 000007522 | 24/08/2022 | CD | DVD - With book | Lost In Inventory_2015-8-23 | ||||||||||
| Dewey Decimal Classification | Central Library | Central Library | First floor | 26/02/2009 | 621.815 NOR | 000007966 | 24/08/2022 | CD | DVD - With book | |||||||||||
| Dewey Decimal Classification | Central Library | Central Library | First floor | 26/02/2009 | 621.815 NOR | 000007967 | 24/08/2022 | CD | DVD - With book | |||||||||||
| Dewey Decimal Classification | Central Library | Central Library | First floor | 26/02/2009 | 2 | 621.815 NOR | 000001916 | 15/07/2025 | 06/11/2013 | NB - Book (Non borrowing) | |||||||||
| Dewey Decimal Classification | Central Library | Central Library | First floor | 22/03/2009 | 8 | 44 | 621.815 NOR | 000015447 | 15/07/2025 | 24/10/2018 | Book - Borrowing | ||||||||
| Dewey Decimal Classification | Central Library | Central Library | First floor | 22/03/2009 | 621.815 NOR | 000015455 | 24/08/2022 | CD | DVD - With book | |||||||||||
| Dewey Decimal Classification | Central Library | Central Library | First floor | 25/03/2009 | 2 | 4 | 621.815 NOR | 000015479 | 24/08/2022 | 10/11/2016 | CD | DVD - With book | ||||||||
| Dewey Decimal Classification | Central Library | Central Library | First floor | 07/03/2010 | 5 | 4 | 621.815 NOR | 000020086 | 31/07/2016 | 31/07/2016 | CD | DVD - With book | 02/10/2016 | Baccah | ||||||
| Dewey Decimal Classification | Central Library | Central Library | First floor | 29/03/2010 | 3 | 3 | 621.815 NOR | 000020542 | 21/05/2023 | 21/05/2023 | CD | DVD - With book | ||||||||
| Dewey Decimal Classification | Central Library | Central Library | First floor | 04/11/2010 | 621.815 NOR | 000022506 | 24/08/2022 | CD | DVD - With book |